000 01129nam a2200289 a 4500
999 _c424623
_d424623
003 BLK
005 20250726133727.0
008 210721b bul|||||r ||||||| ||bul||
020 _a9786190208389
040 _aBLK
041 _aBUL
_cBUL
080 _aШвейцарска литература на френски език
_b821.133.1(494)
_x-312.4
_z821.133.1(494)-312.4
100 1 _aДикер, Жоел
_d1985 -
_eпърви автор
_961431
139 _aДикер, Жоел
_bД 53
245 1 0 _aЗагадката на стая 622
_cЖоел Дикер ; прев. от фр. Красимир Петров.
257 _aSWI
260 _aСофия
_bКолибри
_c2021
_f(София : Алианс принт)
300 _a544 с.
_c21 см
380 _aX
500 _aОриг. загл. L'Enigme dela Chambre 622/Joel Dicker
700 1 _aПетров, Красимир Тодоров
_eпрев. от фр.
_9364448
852 _bП
_c821-31/Д 53 Ж
856 _i0.00
_ldisable
942 _cKNG
_n0
_0135
_s1
944 _aCR
_c2021-07-21
_k30575
_lМартин Енчев
999 _d424623